| 000 | 00785cam a2200205 4500 | ||
|---|---|---|---|
| 001 | X104574 | ||
| 008 | 000000n2000 000 0 eng u | ||
| 035 | _a(Sirsi) u104574 | ||
| 245 | _aSoS v Skerritts | ||
| 260 | _c2000 | ||
| 490 |
_aNew Property Cases _v[2000] 19 NPC 1-3(3) |
||
| 520 | _aCA 25 February 2000. "Curtilage" defined yet again for the purposes of the Planning (Listed Buildings and Conservation Areas) Act 1990. Headnote from journal - No photocopying allowed. | ||
| 650 | _aSOS V SKERRITTS | ||
| 650 | _aPLANNING (LISTED BUILDINGS AND CONSERVATION AREAS) ACT 1990 | ||
| 650 | _aLEASEHOLD REFORM ACT 1967 | ||
| 650 | _aENFORCEMENT NOTICE | ||
| 650 | _aLISTED BUILDINGS | ||
| 690 | _aENVIRONMENTAL AND LAND CONSULTANCY-PLANNING AND DEVELOPMENT | ||
| 942 | _n0 | ||
| 999 |
_c62758 _d62758 |
||